[Event "XXXII Moglianoscacchi C"]
[Site "Mogliano Veneto ITA"]
[Date "2011.04.30"]
[Round "3"]
[White "Greco, Alvise"]
[Black "Licandro, Michele"]
[Result "0-1"]
[WhiteElo "1377"]
[BlackElo "1508"]
[PlyCount "124"]
[EventDate "2011.04.29"]

1. e4 c5 2. Nf3 d6 3. Bb5+ Bd7 4. Bxd7+ Nxd7 5. c4 g6 6. d4 Bg7 7. Nc3 Ngf6 8.
Be3 O-O 9. Qd2 Ng4 10. Bg5 Re8 11. h3 Ngf6 12. Rd1 a6 13. O-O Nb6 14. b3 Nfd7
15. a4 Nf8 16. a5 Nbd7 17. Nd5 f6 18. Bh4 b6 19. axb6 Nxb6 20. Nc3 Qc7 21. Bg3
Rad8 22. Qe3 Qc8 23. Rfe1 Nbd7 24. Nd5 Qb7 25. Nh4 cxd4 26. Rxd4 Nc5 27. Rb1 e6
28. Nc3 e5 29. Rd2 Nfe6 30. b4 Nd7 31. Rxd6 Nd4 32. Nf3 Qc7 33. c5 Nb5 34. Nxb5
axb5 35. Rbd1 Bf8 36. R6d5 Re6 37. Qd3 Re7 38. Qxb5 Rb8 39. Qc4 Kg7 40. b5 Nb6
41. Qc3 Nxd5 42. exd5 Ree8 43. d6 Qb7 44. d7 Red8 45. c6 Qxb5 46. c7 Bb4 47.
Qc2 Ba5 48. cxb8=Q Qxb8 49. Rd5 Qc7 50. Qxc7 Bxc7 51. Kf1 Kf7 52. Ke2 Ke6 53.
Rd3 Bd6 54. Re3 Kxd7 55. Rb3 Ke6 56. Rb7 Be7 57. Nd2 Rc8 58. Rb6+ Kf7 59. f4
exf4 60. Bxf4 Re8 61. Kd3 Rd8+ 62. Ke3 Bc5+ 0-1

[Event "XXXII Moglianoscacchi C"]
[Site "Mogliano Veneto ITA"]
[Date "2011.04.30"]
[Round "3"]
[White "Hagiu, Fabrizio"]
[Black "Ferrari, Paolo"]
[Result "1-0"]
[WhiteElo "1485"]
[BlackElo "1693"]
[PlyCount "71"]
[EventDate "2011.04.29"]

1. e4 e6 2. d4 d5 3. exd5 Qxd5 4. Nf3 Nf6 5. a3 Qa5+ 6. Bd2 Qb6 7. b4 Nc6 8.
Be3 Nd5 9. c4 Bxb4+ 10. axb4 Qxb4+ 11. Bd2 Qb2 12. cxd5 Nxd4 13. Qa4+ Bd7 14.
Qxd4 Qxd4 15. Nxd4 exd5 16. Nc3 c6 17. Bd3 O-O 18. O-O g6 19. Rfe1 c5 20. Nxd5
Kg7 21. Nf3 Bc6 22. Bc3+ Kh6 23. Re4 g5 24. Re5 Rg8 25. Nf6 Rg7 26. h4 Bxf3 27.
gxf3 gxh4+ 28. Ng4+ Rxg4+ 29. fxg4 f6 30. Rh5+ Kg7 31. Rxh7+ Kg8 32. Bxf6 Rf8
33. Rh8+ Kf7 34. Rxf8+ Kxf8 35. Bg6 a6 36. Rd1 1-0

[Event "XXXII Moglianoscacchi C"]
[Site "Mogliano Veneto ITA"]
[Date "2011.04.30"]
[Round "3"]
[White "Lodici, Lorenzo"]
[Black "Reginato, Dario"]
[Result "0-1"]
[WhiteElo "1533"]
[BlackElo "1522"]
[PlyCount "96"]
[EventDate "2011.04.29"]

1. d4 d5 2. Nf3 Nf6 3. e3 Bf5 4. c4 c6 5. Nc3 e6 6. cxd5 exd5 7. Bd3 Bxd3 8.
Qxd3 Bd6 9. O-O O-O 10. Bd2 Re8 11. Rfe1 Ne4 12. Qe2 Nd7 13. h3 Ndf6 14. Nxe4
Nxe4 15. Bc3 Qe7 16. Nd2 f5 17. f4 Nxc3 18. bxc3 Bxf4 19. Nf1 Qe4 20. Qf3 Qxf3
21. gxf3 Bg5 22. Kg2 Re6 23. f4 Bh4 24. Re2 Rae8 25. Rd1 h6 26. Kf3 g5 27. fxg5
hxg5 28. Rd3 Kf7 29. Ng3 Bxg3 30. Kxg3 Rh8 31. Rf2 Kg6 32. Rh2 Re4 33. Rg2 Reh4
34. Rh2 g4 35. Rdd2 Rxh3+ 36. Rxh3 Rxh3+ 37. Kf2 Rh2+ 38. Ke1 g3 39. Re2 Kg5
40. Kf1 Rxe2 41. Kxe2 Kg4 42. Kf1 Kf3 43. e4 fxe4 44. a4 e3 45. a5 e2+ 46. Ke1
Ke3 47. c4 g2 48. cxd5 g1=Q# 0-1

[Event "XXXII Moglianoscacchi C"]
[Site "Mogliano Veneto ITA"]
[Date "2011.04.30"]
[Round "3"]
[White "Pomponio, Stefano"]
[Black "Hagiu, Stefano"]
[Result "1-0"]
[WhiteElo "1514"]
[BlackElo "1404"]
[PlyCount "80"]
[EventDate "2011.04.29"]

1. e4 e5 2. Nf3 Nc6 3. Bb5 Nge7 4. O-O g6 5. d3 Bg7 6. d4 O-O 7. d5 a6 8. Ba4
Na5 9. Qd3 b5 10. Bb3 Nxb3 11. axb3 c6 12. d6 c5 13. dxe7 Qxe7 14. c4 b4 15.
Be3 d6 16. Rd1 Rd8 17. Bg5 Bf6 18. Qe3 Bxg5 19. Qxg5 Qxg5 20. Nxg5 Bg4 21. Rd3
Be2 22. Rd2 Bg4 23. f3 Be6 24. Nxe6 fxe6 25. Rd3 a5 26. Nd2 h5 27. Nf1 h4 28.
Rad1 Ra6 29. Ne3 Kf7 30. Ng4 g5 31. Nxe5+ Ke7 32. Ng4 e5 33. g3 h3 34. Nf2 Rh8
35. g4 Ke6 36. Nh1 Ke7 37. Ng3 Ke6 38. Nf5 Kd7 39. Nxd6 Kc7 40. Nf7 Rf8 1-0

[Event "XXXII Moglianoscacchi C"]
[Site "Mogliano Veneto ITA"]
[Date "2011.04.30"]
[Round "3"]
[White "Serradura, Gianluca"]
[Black "Schiera, Ignazio"]
[Result "0-1"]
[WhiteElo "1469"]
[BlackElo "1500"]
[PlyCount "77"]
[EventDate "2011.04.29"]

1. Nf3 d6 2. g3 g6 3. Bg2 Bg7 4. O-O Nf6 5. d3 c6 6. e4 e5 7. Nh4 Be6 8. h3 Qd7
9. Kh2 Na6 10. Qe1 h6 11. f4 exf4 12. gxf4 O-O-O 13. f5 gxf5 14. exf5 Bd5 15.
Bxd5 cxd5 16. Qc3+ Qc7 17. Qxc7+ Kxc7 18. Nc3 Kc6 19. Nf3 Nh5 20. Ne2 Rde8 21.
Ned4+ Kb6 22. c3 Nc5 23. Ne1 Be5+ 24. Kg1 Rhg8+ 25. Ng2 Nxd3 26. Bd2 Ng3 27.
Rf3 Nc5 28. Be3 Bxd4 29. Bxd4 Ne2+ 30. Kf2 Nxd4 31. cxd4 Ne4+ 32. Kg1 Ng5 33.
Rb3+ Kc7 34. Rc1+ Kb8 35. Kf1 Ne4 36. Rc2 Ng3+ 37. Kg1 Ne2+ 38. Rxe2 Rxe2 39.
Kf1 {...} 0-1

[Event "XXXII Moglianoscacchi C"]
[Site "Mogliano Veneto ITA"]
[Date "2011.04.30"]
[Round "3"]
[White "Stefanutti, Piero"]
[Black "De Col, Daniele"]
[Result "1-0"]
[WhiteElo "1392"]
[BlackElo "1433"]
[PlyCount "135"]
[EventDate "2011.04.29"]

1. e4 d6 2. d4 Nf6 3. Nc3 c6 4. Bd3 Qa5 5. Bd2 Qb6 6. Nge2 e5 7. Na4 Qc7 8. c4
g6 9. b4 a6 10. c5 Bg7 11. cxd6 Qxd6 12. Nb6 O-O 13. Nxa8 exd4 14. Nb6 Be6 15.
O-O Ng4 16. g3 Ne5 17. Nf4 Nxd3 18. Nxd3 Qc7 19. Na4 b5 20. Bf4 Qe7 21. Nac5
Bh3 22. Re1 Nd7 23. Nxa6 Nf6 24. Nac5 Nh5 25. Rb1 Nxf4 26. Nxf4 Bc8 27. a4 bxa4
28. Qxa4 Bh6 29. Ng2 Qf6 30. f4 Qd6 31. Qb3 Kh8 32. e5 Qe7 33. Rbd1 Rd8 34. Qc4
f6 35. Rxd4 Bg7 36. Rxd8+ Qxd8 37. Qd3 Qf8 38. e6 Qe7 39. f5 gxf5 40. Qxf5 Bf8
41. Nf4 Qg7 42. Nh5 Qh6 43. Qxf6+ Qxf6 44. Nxf6 Be7 45. Ncd7 Kg7 46. Nh5+ Kg6
47. Nf4+ Kg7 48. Rb1 Kh6 49. b5 cxb5 50. Rxb5 Ba6 51. Rb6 Bc4 52. Kf2 Kg5 53.
h3 h5 54. h4+ Kf5 55. Nxh5 Bxe6 56. Ng7+ Kg4 57. Nxe6 Ba3 58. Rb5 Bd6 59. Rg5+
Kh3 60. h5 Be7 61. Rg8 Ba3 62. h6 Bb2 63. h7 Bc3 64. Ng7 Bd4+ 65. Kf3 Kh2 66.
h8=Q+ Kg1 67. Ra8 Bc3 68. Qh3 1-0

[Event "XXXII Moglianoscacchi C"]
[Site "Mogliano Veneto ITA"]
[Date "2011.04.30"]
[Round "3"]
[White "Vannini, Daniele"]
[Black "Simonetto, Andrea"]
[Result "1-0"]
[WhiteElo "1434"]
[BlackElo "1458"]
[PlyCount "61"]
[EventDate "2011.04.29"]

1. e4 e5 2. Bc4 Nc6 3. Nf3 Bc5 4. c3 Nf6 5. d3 d6 6. h3 Be6 7. Bb3 Qd7 8. Bxe6
fxe6 9. O-O h6 10. b4 Bb6 11. a4 a6 12. Be3 Bxe3 13. fxe3 d5 14. exd5 exd5 15.
Qe2 O-O-O 16. b5 Nb8 17. bxa6 Nxa6 18. Nxe5 Qe6 19. d4 Ne4 20. Qe1 Rhf8 21. Na3
g5 22. c4 dxc4 23. Naxc4 Rf6 24. Rxf6 Qxf6 25. Nd2 Nd6 26. Qe2 c5 27. Rc1 b6
28. Qxa6+ Kc7 29. Qa7+ Kc8 30. Qxb6 h5 31. Rxc5# 1-0

[Event "XXXII Moglianoscacchi C"]
[Site "Mogliano Veneto ITA"]
[Date "2011.04.30"]
[Round "3"]
[White "Vomiero, Luciano"]
[Black "Esposito, Ivan"]
[Result "0-1"]
[WhiteElo "1569"]
[BlackElo "1455"]
[PlyCount "116"]
[EventDate "2011.04.29"]

1. e4 c6 2. d4 d5 3. e5 Bf5 4. Bd3 Bg6 5. Nf3 e6 6. O-O c5 7. Bb5+ Nd7 8. Be3
cxd4 9. Bxd4 a6 10. Bxd7+ Qxd7 11. Nbd2 Rc8 12. c3 Ne7 13. Nb3 Nf5 14. h3 Be7
15. g4 Nxd4 16. Nbxd4 Qd8 17. Qa4+ Qd7 18. Qxd7+ Kxd7 19. Kg2 Be4 20. Kg3 f6
21. Rad1 h5 22. Nd2 Bd3 23. Rfe1 fxe5 24. Rxe5 Bd6 25. N2f3 Be4 26. Kf4 Rcf8+
27. Ke3 Rxf3+ 28. Nxf3 Bxf3 29. Kxf3 hxg4+ 30. Kxg4 Bxe5 31. f4 Bf6 32. b3 Bxc3
33. h4 Kd6 34. h5 Rf8 35. Rd3 Bf6 36. Rh3 d4 37. h6 gxh6 38. Rxh6 Kc5 39. Kf3
Kb4 40. Ke4 Ka3 41. Rh2 Rc8 42. Rh6 Rf8 43. Rh2 Kb4 44. Rh3 Rh8 45. Rg3 Kc5 46.
a3 Kd6 47. b4 Rc8 48. Rg6 Ke7 49. f5 e5 50. Rg3 Rc3 51. Rd3 Kd6 52. Rxc3 dxc3
53. Kd3 e4+ 54. Kc2 Kd5 55. a4 Kc4 56. a5 Kxb4 57. Kd1 Kb3 58. Kc1 Bg5+ 0-1

[Event "XXXII Moglianoscacchi C"]
[Site "Mogliano Veneto ITA"]
[Date "2011.04.30"]
[Round "3"]
[White "Zanlorenzi, Marco"]
[Black "Buranelli, Matteo"]
[Result "0-1"]
[WhiteElo "1459"]
[BlackElo "1551"]
[PlyCount "58"]
[EventDate "2011.04.29"]

1. e4 d6 2. d4 g6 3. Nf3 Nf6 4. Nbd2 Bg7 5. Bc4 O-O 6. O-O Nc6 7. Re1 Nd7 8.
Nb3 Nb6 9. Bd3 Bg4 10. c3 f5 11. exf5 Bxf5 12. Bxf5 Rxf5 13. Ng5 Qd7 14. Ne6
Rf6 15. Nxg7 Kxg7 16. h4 Raf8 17. d5 Ne5 18. Be3 Kg8 19. Bd4 Rf4 20. Bxe5 dxe5
21. f3 Qd6 22. Re4 Nxd5 23. Qe2 Rxe4 24. fxe4 Nf4 25. Qg4 Qb6+ 26. Kh2 Qf2 27.
h5 Rf6 28. Rd1 Nxh5 29. Qg5 Rf4 0-1

[Event "XXXII Moglianoscacchi C"]
[Site "Mogliano Veneto ITA"]
[Date "2011.05.01"]
[Round "4"]
[White "Beltrame, Leonardo"]
[Black "Baldizzi, Riccardo"]
[Result "1-0"]
[WhiteElo "1404"]
[BlackElo "1461"]
[PlyCount "53"]
[EventDate "2011.04.29"]

1. e4 c5 2. Nf3 d6 3. d4 cxd4 4. Nxd4 Nf6 5. Bb5+ Bd7 6. Bxd7+ Qxd7 7. Nc3 a6
8. O-O e5 9. Nf3 Nc6 10. Nd5 Nxd5 11. Qxd5 Be7 12. Ng5 O-O 13. f4 Nd4 14. fxe5
Ne2+ 15. Kh1 Nxc1 16. Rxf7 Kh8 17. Rxf8+ Rxf8 18. Nf7+ Rxf7 19. Qxf7 dxe5 20.
Rxc1 h6 21. Rf1 Qd6 22. h3 b5 23. Qd5 Qc7 24. c3 Kh7 25. Rf7 Qc4 26. Qxc4 bxc4
27. Rxe7 1-0

[Event "XXXII Moglianoscacchi C"]
[Site "Mogliano Veneto ITA"]
[Date "2011.05.01"]
[Round "4"]
[White "Cavicchia, Silvio"]
[Black "Buranelli, Matteo"]
[Result "0-1"]
[WhiteElo "1557"]
[BlackElo "1551"]
[PlyCount "75"]
[EventDate "2011.04.29"]

1. c4 d6 2. Nc3 Nf6 3. Nf3 g6 4. g3 Bg7 5. Bg2 O-O 6. d4 Nc6 7. O-O Bg4 8. e3
Qd7 9. Qa4 Qc8 10. Ng5 Bd7 11. Qc2 h6 12. Nf3 Bh3 13. a3 Bxg2 14. Kxg2 e5 15.
d5 Nb8 16. Bd2 Nbd7 17. Nh4 Re8 18. e4 Kh7 19. Rae1 h5 20. Qd1 Nc5 21. Qc2 Bh6
22. Bxh6 Kxh6 23. b4 Ncd7 24. Qd2+ Kh7 25. f4 Ng4 26. f5 Rf8 27. Qg5 Qe8 28.
Rf3 Nh6 29. Ref1 Rg8 30. f6 Nb6 31. c5 Nc4 32. Nb5 Qxb5 33. cxd6 cxd6 34. Rc3
Rac8 35. Rfc1 Ng4 36. h3 Nce3+ 37. Kf3 Rxc3 38. Rxc3 0-1

[Event "XXXII Moglianoscacchi C"]
[Site "Mogliano Veneto ITA"]
[Date "2011.05.01"]
[Round "4"]
[White "Chin, Roberto"]
[Black "Giancristofaro, Luca"]
[Result "0-1"]
[WhiteElo "1491"]
[BlackElo "1557"]
[PlyCount "82"]
[EventDate "2011.04.29"]

1. d4 d5 2. Nf3 Nf6 3. e3 e6 4. Bd3 Bd6 5. Nbd2 O-O 6. O-O b6 7. Re1 Bb7 8. c3
Nbd7 9. e4 dxe4 10. Nxe4 Be7 11. Bf4 h6 12. Qe2 Nxe4 13. Bxe4 Bxe4 14. Qxe4 Nf6
15. Qe2 Bd6 16. Ne5 Re8 17. Rad1 Nd5 18. Bd2 Qh4 19. Qf3 Qf6 20. Qe4 Bxe5 21.
dxe5 Qe7 22. a3 b5 23. Qg4 Kh8 24. Qh5 Qf8 25. h3 Ne7 26. Qe2 a6 27. c4 c6 28.
Bb4 Red8 29. Bd6 Qe8 30. c5 Nd5 31. Qd2 a5 32. Re4 Qg8 33. Rde1 g5 34. h4 Nf4
35. hxg5 hxg5 36. g3 Qg6 37. gxf4 gxf4+ 38. Kf1 f3 39. Rh4+ Kg7 40. Qh6+ Qxh6
41. Rxh6 Kxh6 0-1

[Event "XXXII Moglianoscacchi C"]
[Site "Mogliano Veneto ITA"]
[Date "2011.05.01"]
[Round "4"]
[White "De Col, Daniele"]
[Black "Simonetto, Andrea"]
[Result "1/2-1/2"]
[WhiteElo "1433"]
[BlackElo "1458"]
[PlyCount "66"]
[EventDate "2011.04.29"]

1. Nf3 d6 2. e4 e5 3. h3 Be6 4. d4 Nc6 5. d5 Bd7 6. dxc6 Bxc6 7. Nc3 Nf6 8. Bg5
h6 9. Bxf6 Qxf6 10. Bc4 g5 11. Qd3 O-O-O 12. O-O-O Qg6 13. g4 h5 14. Qe3 Be7
15. Bd5 Kb8 16. Bxc6 bxc6 17. a3 f6 18. Ne2 d5 19. Qb3+ Kc8 20. exd5 cxd5 21.
Rxd5 hxg4 22. Rxd8+ Bxd8 23. Qe6+ Kb8 24. Qxg4 e4 25. Nd2 f5 26. Qg3 g4 27. h4
Qf6 28. h5 Qg5 29. Kd1 Rxh5 30. Rxh5 Qxh5 31. Qb3+ Kc8 32. Ke1 Bh4 33. Nf1 f4
1/2-1/2

[Event "XXXII Moglianoscacchi C"]
[Site "Mogliano Veneto ITA"]
[Date "2011.05.01"]
[Round "4"]
[White "Ferrari, Paolo"]
[Black "Pomponio, Stefano"]
[Result "0-1"]
[WhiteElo "1693"]
[BlackElo "1514"]
[PlyCount "75"]
[EventDate "2011.04.29"]

1. Nf3 e5 2. Nxe5 d6 3. Nf3 Bg4 4. e4 Nc6 5. d4 Qe7 6. Nc3 Nf6 7. d5 Bxf3 8.
gxf3 Ne5 9. Bg2 g6 10. O-O Bg7 11. f4 Ned7 12. Re1 O-O 13. e5 Ne8 14. exd6 Qxd6
15. Ne4 Qb6 16. c3 f5 17. Ng5 Nd6 18. Re7 Nf6 19. Ne6 Rf7 20. Rxf7 Nxf7 21. b3
Qd6 22. a4 c5 23. b4 Ne4 24. Nxg7 Kxg7 25. bxc5 Qxc5 26. Be3 Qd6 27. Qd4+ Kg8
28. Bxe4 fxe4 29. Qxe4 Qd7 30. f3 Re8 31. Qd4 b6 32. c4 Nd6 33. Bd2 Nf5 34. Qc3
Re2 35. Rc1 Nh4 36. Be1 Qh3 37. Qh8+ Kxh8 38. Bc3+ 0-1

[Event "XXXII Moglianoscacchi C"]
[Site "Mogliano Veneto ITA"]
[Date "2011.05.01"]
[Round "4"]
[White "Greco, Alvise"]
[Black "Bergamasco, Tommaso"]
[Result "1-0"]
[WhiteElo "1377"]
[BlackElo "1497"]
[PlyCount "61"]
[EventDate "2011.04.29"]

1. e4 e5 2. Nf3 Nc6 3. d4 exd4 4. Nxd4 Bc5 5. Nb3 Bb6 6. a4 a6 7. Nc3 d6 8. a5
Ba7 9. Bd3 Nf6 10. Bg5 h6 11. Bh4 Ne5 12. Nd5 g5 13. Bg3 O-O 14. Bxe5 dxe5 15.
Ne3 Bxe3 16. fxe3 Qe7 17. Qf3 Qb4+ 18. c3 Qxb3 19. Qxf6 Qxb2 20. O-O Kh7 21.
Qxe5 Bg4 22. Qxc7 Be2 23. Bxe2 Qxe2 24. Rae1 Qb5 25. Rxf7+ Kg6 26. Rg7+ Kh5 27.
h3 Qd3 28. h4 Qxe4 29. hxg5 Rf4 30. Qxf4 hxg5 31. Qxg5# 1-0

[Event "XXXII Moglianoscacchi C"]
[Site "Mogliano Veneto ITA"]
[Date "2011.05.01"]
[Round "4"]
[White "Hagiu, Stefano"]
[Black "Artuso, Sofia"]
[Result "1/2-1/2"]
[WhiteElo "1404"]
[BlackElo "1350"]
[PlyCount "27"]
[EventDate "2011.04.29"]

1. e4 e5 2. Nf3 Nc6 3. d4 exd4 4. Bc4 Bc5 5. O-O Nf6 6. Bf4 d5 7. exd5 Nxd5 8.
Bxd5 Qxd5 9. Nc3 Qf5 10. Ne2 O-O 11. Bxc7 Qg6 12. Nf4 Qf5 13. c3 dxc3 14. bxc3
1/2-1/2

[Event "XXXII Moglianoscacchi C"]
[Site "Mogliano Veneto ITA"]
[Date "2011.05.01"]
[Round "4"]
[White "Licandro, Michele"]
[Black "Esposito, Ivan"]
[Result "0-1"]
[WhiteElo "1508"]
[BlackElo "1455"]
[PlyCount "66"]
[EventDate "2011.04.29"]

1. d4 Nf6 2. Nf3 d6 3. Bf4 e6 4. e3 Be7 5. Bd3 Nbd7 6. Nbd2 c5 7. c3 O-O 8. Qe2
a6 9. e4 b5 10. e5 dxe5 11. dxe5 Nd5 12. Qe4 f5 13. exf6 N7xf6 14. Qe5 Nxf4 15.
Be4 Nxe4 16. Qxe4 Qd5 17. O-O Qxe4 18. Nxe4 Bb7 19. Rae1 Nd3 20. Re2 Rad8 21.
Neg5 Bxf3 22. Nxf3 Nf4 23. Re4 Rd6 24. g3 Nd3 25. Nh4 Nxb2 26. Rfe1 Bxh4 27.
Rxh4 Rd1 28. Rhe4 Rxe1+ 29. Rxe1 Kf7 30. Re2 Na4 31. Re5 c4 32. Re3 Rd8 33. a3
Rd3 0-1

[Event "XXXII Moglianoscacchi C"]
[Site "Mogliano Veneto ITA"]
[Date "2011.05.01"]
[Round "4"]
[White "Reginato, Dario"]
[Black "Hagiu, Fabrizio"]
[Result "1-0"]
[WhiteElo "1522"]
[BlackElo "1485"]
[PlyCount "51"]
[EventDate "2011.04.29"]

1. d4 d5 2. c4 e6 3. Nc3 Nc6 4. Nf3 Bb4 5. e3 f6 6. a3 Bxc3+ 7. bxc3 Nge7 8.
Bd3 e5 9. cxd5 Qxd5 10. Qc2 exd4 11. cxd4 g6 12. O-O Bg4 13. Bc4 Qh5 14. Nd2 f5
15. f3 Bh3 16. Nb3 Qg5 17. Kh1 Qh4 18. gxh3 Qxh3 19. Bb2 h5 20. d5 Nxd5 21.
Bxd5 Rf8 22. Bxc6+ bxc6 23. Qxc6+ Kf7 24. Qf6+ Ke8 25. Qe6+ Kd8 26. Rad1# 1-0

[Event "XXXII Moglianoscacchi C"]
[Site "Mogliano Veneto ITA"]
[Date "2011.05.01"]
[Round "4"]
[White "Stefanutti, Piero"]
[Black "Lodici, Lorenzo"]
[Result "0-1"]
[WhiteElo "1392"]
[BlackElo "1533"]
[PlyCount "104"]
[EventDate "2011.04.29"]

1. e4 c5 2. Nf3 d6 3. d4 cxd4 4. Nxd4 Nf6 5. Nc3 a6 6. Be2 e5 7. Nf3 Be7 8. Bg5
Nbd7 9. Bh4 b5 10. Bd3 Bb7 11. Qe2 Qc7 12. O-O O-O 13. Rac1 Rfe8 14. Rfe1 Rac8
15. a3 Qb6 16. Nd2 Nc5 17. Kh1 Qd8 18. Bg3 Qd7 19. Qf1 Red8 20. Ne2 Nfxe4 21.
Bxe4 Bxe4 22. f4 exf4 23. Nxf4 Bb7 24. Nf3 Ne4 25. Nh5 Nxg3+ 26. Nxg3 Re8 27.
Re3 Bf6 28. Rxe8+ Rxe8 29. c3 g6 30. Qd3 Bg7 31. Rf1 h6 32. Kg1 Qc6 33. Rd1 Be5
34. Rf1 g5 35. Rf2 Bf4 36. Nf1 Qc5 37. Qd4 Bxf3 38. Rxf3 Qxd4+ 39. cxd4 Re2 40.
g3 Bc1 41. b4 Ra2 42. Rf2 Rxf2 43. Kxf2 Bxa3 44. Nd2 Bxb4 45. Nb3 a5 46. Ke2
Kg7 47. Kd3 Kf6 48. g4 Ke6 49. Kc2 f5 50. gxf5+ Kxf5 51. Nc1 d5 52. Nb3 Bd6 0-1

[Event "XXXII Moglianoscacchi C"]
[Site "Mogliano Veneto ITA"]
[Date "2011.05.01"]
[Round "4"]
[White "Vannini, Daniele"]
[Black "Serradura, Gianluca"]
[Result "1-0"]
[WhiteElo "1434"]
[BlackElo "1469"]
[PlyCount "39"]
[EventDate "2011.04.29"]

1. e4 d6 2. d3 e5 3. h3 Nf6 4. Nf3 Be7 5. Be3 c6 6. Be2 Nbd7 7. Nc3 Qc7 8. a3
b5 9. O-O O-O 10. Nh2 Re8 11. Qd2 Nf8 12. f4 exf4 13. Bxf4 Ng6 14. Bg3 Nd7 15.
b4 Bh4 16. Bxh4 Nxh4 17. Qf4 Ng6 18. Qxf7+ Kh8 19. Qxe8+ Ndf8 20. Rxf8+ 1-0

[Event "XXXII Moglianoscacchi C"]
[Site "Mogliano Veneto ITA"]
[Date "2011.05.01"]
[Round "4"]
[White "Zanlorenzi, Marco"]
[Black "Boscolo Camiletto, Andrea"]
[Result "1-0"]
[WhiteElo "1459"]
[BlackElo "1506"]
[PlyCount "109"]
[EventDate "2011.04.29"]

1. e4 c5 2. Nf3 d6 3. d4 cxd4 4. Nxd4 Nf6 5. Nc3 g6 6. f3 a6 7. Be3 b5 8. Nb3
Bb7 9. e5 dxe5 10. Qxd8+ Kxd8 11. Bb6+ Ke8 12. O-O-O Nfd7 13. Ba5 f5 14. a4
bxa4 15. Nxa4 Nc6 16. Bc3 Rd8 17. Nac5 Nxc5 18. Rxd8+ Kxd8 19. Nxc5 Kc7 20.
Bxa6 Bxa6 21. Nxa6+ Kb6 22. Nb4 Nxb4 23. Bxb4 Bh6+ 24. Kb1 Rd8 25. Re1 Bd2 26.
Rd1 Bxb4 27. Rxd8 e4 28. fxe4 fxe4 29. Rd1 e3 30. c3 Bd6 31. g3 Kc6 32. Re1 Bc5
33. Kc2 Kd5 34. Kd3 e5 35. c4+ Ke6 36. Rf1 h5 37. Kc3 Bd4+ 38. Kc2 e4 39. b4 g5
40. b5 Bb6 41. h3 Ke5 42. Ra1 h4 43. gxh4 gxh4 44. Ra6 Bc5 45. Kd1 Kf4 46. Ke2
Kg3 47. b6 Bd6 48. b7 Bf4 49. Ra8 Kxh3 50. b8=Q Bxb8 51. Rxb8 Kg2 52. Rh8 h3
53. Kxe3 h2 54. Rxh2+ Kxh2 55. Kxe4 1-0

[Event "XXXII Moglianoscacchi C"]
[Site "Mogliano Veneto ITA"]
[Date "2011.05.01"]
[Round "5"]
[White "Bergamasco, Tommaso"]
[Black "Vannini, Daniele"]
[Result "1/2-1/2"]
[WhiteElo "1497"]
[BlackElo "1434"]
[PlyCount "89"]
[EventDate "2011.04.29"]

1. e4 c5 2. Nf3 d6 3. d4 cxd4 4. Nxd4 Nc6 5. Nf3 g6 6. Bc4 Bg7 7. c3 Nf6 8. Bg5
a6 9. Nbd2 b5 10. Bxf6 Bxf6 11. Bd5 Bd7 12. O-O Rb8 13. Re1 O-O 14. Nf1 Qb6 15.
Ng3 Bg4 16. h3 Bxf3 17. Qxf3 Ne5 18. Qe2 Rbc8 19. Rab1 a5 20. Bb3 a4 21. Bc2
Bg7 22. Kh1 Rfe8 23. Rf1 Rc5 24. f4 Nd7 25. f5 Rf8 26. fxg6 fxg6 27. Rxf8+ Nxf8
28. b3 Rxc3 29. Nf1 Qc5 30. Bd3 axb3 31. axb3 Qb4 32. Bxb5 Rc5 33. Bc4+ Kh8 34.
Ne3 Nd7 35. Qf1 Ne5 36. Ra1 Qb8 37. Bd5 Nc6 38. Ra6 Na7 39. Qf7 Rc7 40. Nc4 Qf8
41. Qe6 Qf1+ 42. Kh2 Qf4+ 43. g3 Qf2+ 44. Kh1 Qf1+ 45. Kh2 1/2-1/2

[Event "XXXII Moglianoscacchi C"]
[Site "Mogliano Veneto ITA"]
[Date "2011.05.01"]
[Round "5"]
[White "Boscolo Camiletto, Andrea"]
[Black "Beltrame, Leonardo"]
[Result "1-0"]
[WhiteElo "1506"]
[BlackElo "1404"]
[PlyCount "121"]
[EventDate "2011.04.29"]

1. e4 e5 2. Nf3 Nc6 3. Bc4 Nf6 4. Ng5 d5 5. exd5 Nxd5 6. Nxf7 Kxf7 7. Qf3+ Ke7
8. Bxd5 Be6 9. Bxc6 bxc6 10. d3 h6 11. Nc3 Bd5 12. Nxd5+ Qxd5 13. Qxd5 cxd5 14.
O-O g5 15. b3 Bg7 16. Bb2 Rad8 17. Rfe1 Ke6 18. Bxe5 Bxe5 19. d4 Kf5 20. Rxe5+
Kf6 21. Rae1 Rd7 22. Re6+ Kf7 23. Rc6 h5 24. Ree6 Rh7 25. Rh6 Rxh6 26. Rxh6 Kg7
27. Rxh5 Kg6 28. Rh8 Re7 29. Kf1 c6 30. Rc8 Re6 31. Rc7 Kf5 32. Rxa7 Re4 33.
Ra4 g4 34. Rb4 Kf4 35. a4 c5 36. Rb5 Rxd4 37. Rxc5 Rd1+ 38. Ke2 Rg1 39. g3+ Ke5
40. a5 Ra1 41. b4 Ke4 42. Rc3 Ra4 43. Rb3 d4 44. Kd2 Ra1 45. Rb2 Ra3 46. Kc1
Kd5 47. Rb3 Ra4 48. Kb2 Kc4 49. Kc1 Kd5 50. f3 gxf3 51. Rxf3 Rxb4 52. Ra3 Rb8
53. a6 Ra8 54. a7 Ke5 55. Kd2 Kf5 56. Kd3 Ke6 57. Kxd4 Kd6 58. h4 Ke7 59. Ke5
Kf7 60. Kd6 Kg6 61. Ke7 1-0

[Event "XXXII Moglianoscacchi C"]
[Site "Mogliano Veneto ITA"]
[Date "2011.05.01"]
[Round "5"]
[White "Buranelli, Matteo"]
[Black "Esposito, Ivan"]
[Result "0-1"]
[WhiteElo "1551"]
[BlackElo "1455"]
[PlyCount "86"]
[EventDate "2011.04.29"]

1. e4 c6 2. d4 d5 3. e5 Bf5 4. Bd3 Bg6 5. Bxg6 hxg6 6. Nf3 e6 7. Nbd2 g5 8. Nb3
g4 9. Ng5 Nh6 10. f4 Nd7 11. Bd2 c5 12. c3 Rc8 13. Qe2 c4 14. Nc1 Be7 15. O-O
b5 16. h3 gxh3 17. Nxh3 Nf5 18. Ng5 Ng3 19. Qg4 Rh1+ 20. Kf2 Nxf1 21. Ne2 Nh2
22. Qh5 Ng4+ 23. Qxg4 Rxa1 24. Qh5 Bxg5 25. fxg5 Qe7 26. Nf4 Nf8 27. Qg4 g6 28.
Nxd5 exd5 29. Qxc8+ Qd8 30. Qc6+ Qd7 31. Qa8+ Ke7 32. Qb8 Rxa2 33. Bc1 Ra6 34.
e6 Rxe6 35. Bf4 Re4 36. Be5 Qf5+ 37. Kg1 Rxe5 38. dxe5 Qd7 39. Kf2 Ne6 40. Qh8
Qe8 41. Qf6+ Kd7 42. Ke3 Qe7 43. Qh8 Qxg5+ 0-1

[Event "XXXII Moglianoscacchi C"]
[Site "Mogliano Veneto ITA"]
[Date "2011.05.01"]
[Round "5"]
[White "Giancristofaro, Luca"]
[Black "Greco, Alvise"]
[Result "1-0"]
[WhiteElo "1557"]
[BlackElo "1377"]
[PlyCount "63"]
[EventDate "2011.04.29"]

1. d4 Nf6 2. c4 e6 3. Nc3 Bb4 4. Bg5 h6 5. Bh4 c5 6. dxc5 Nc6 7. e3 Bxc5 8. Nf3
Be7 9. a3 d5 10. Rc1 Qa5 11. Be2 dxc4 12. Bxc4 O-O 13. O-O Rd8 14. Qc2 Qh5 15.
Bg3 e5 16. h3 Bf5 17. e4 Bh7 18. Be2 Qg6 19. Nxe5 Nxe5 20. Bxe5 Nxe4 21. Bd3
Qg5 22. Bxe4 Rd2 23. Bxh7+ Kf8 24. Qf5 g6 25. Qf4 Qxf4 26. Bxf4 Rxb2 27. Nd5
Bg5 28. Bxg5 hxg5 29. Rc7 Kg7 30. Rfc1 Rd8 31. Ne3 Rdd2 32. Nc4 1-0

[Event "XXXII Moglianoscacchi C"]
[Site "Mogliano Veneto ITA"]
[Date "2011.05.01"]
[Round "5"]
[White "Hagiu, Fabrizio"]
[Black "Schiera, Ignazio"]
[Result "0-1"]
[WhiteElo "1485"]
[BlackElo "1500"]
[PlyCount "100"]
[EventDate "2011.04.29"]

1. e4 d6 2. d4 g6 3. Nf3 Nf6 4. Nc3 Bg7 5. Bc4 O-O 6. O-O a6 7. a4 Nc6 8. e5
Nd7 9. e6 Nf6 10. Ng5 d5 11. Nxf7 Rxf7 12. exf7+ Kxf7 13. Bb3 Bf5 14. Bg5 Na5
15. Bxf6 Nxb3 16. cxb3 Bxf6 17. Qf3 Be6 18. Rfe1 Qd6 19. Na2 Kg8 20. Qe3 Bd7
21. Rac1 c6 22. Qc3 Rf8 23. Nb4 Qf4 24. Nd3 Qh4 25. g3 Qg5 26. Ne5 Bh3 27. Qe3
Qf5 28. Qf3 Qg5 29. Qe3 Qf5 30. f4 g5 31. Qf3 gxf4 32. Qxf4 Bxe5 33. Qxf5 Bxd4+
34. Kh1 Rxf5 35. Rb1 Rf7 36. Rg1 Bf5 37. Rbe1 e5 38. h4 Be4+ 39. Rxe4 dxe4 40.
Re1 e3 41. g4 e2 42. h5 Rf1+ 43. Rxf1 exf1=Q+ 44. Kh2 Qf4+ 45. Kh3 Bf2 46. Kg2
Qg3+ 47. Kf1 e4 48. Ke2 Qf3+ 49. Kf1 e3 50. g5 e2# 0-1

[Event "XXXII Moglianoscacchi C"]
[Site "Mogliano Veneto ITA"]
[Date "2011.05.01"]
[Round "5"]
[White "Licandro, Michele"]
[Black "Cavicchia, Silvio"]
[Result "1-0"]
[WhiteElo "1508"]
[BlackElo "1557"]
[PlyCount "57"]
[EventDate "2011.04.29"]

1. e4 d5 2. exd5 Nf6 3. Bb5+ Bd7 4. Bxd7+ Qxd7 5. c4 c6 6. Nc3 cxd5 7. cxd5
Nxd5 8. Qf3 Nxc3 9. dxc3 Nc6 10. Bf4 O-O-O 11. Qe2 e5 12. Be3 Be7 13. Nf3 Qg4
14. O-O f5 15. h3 Qh5 16. Qc4 Kb8 17. b4 f4 18. Bc5 Bxc5 19. bxc5 Rd7 20. Rab1
Rhd8 21. Qe6 Qf7 22. Qxc6 Qe7 23. Rfe1 Ka8 24. Qe4 Qxc5 25. Rb4 Qxc3 26. Reb1
Rd1+ 27. Rxd1 Rxd1+ 28. Kh2 Rd7 29. Rc4 1-0